Etica, política y utopía
I tiakina i:
| Kaituhi matua: | |
|---|---|
| Hōputu: | Pukapuka |
| Reo: | Pāniora |
| I whakaputaina: |
Madrid
Biblioteca Nueva
2001
|
| Ngā marau: | |
| Ngā Tūtohu: |
Tāpirihia he Tūtohu
Kāore He Tūtohu, Me noho koe te mea tuatahi ki te tūtohu i tēnei pūkete!
|
MARC
| LEADER | 00000nam a2200000 a 4500 | ||
|---|---|---|---|
| 001 | UCM9745 | ||
| 003 | CL-VaPUC | ||
| 008 | 030516e20010000SP |||||||||||||||||spa|d | ||
| 082 | 0 | 4 | |a 320.01 |b GAR |2 21 |
| 100 | 0 | |a García Santesmases, Antonio |e author |9 476313 | |
| 245 | 1 | 0 | |a Etica, política y utopía |
| 300 | |a 334 p | ||
| 942 | |c BK | ||
| 945 | |d 20030516 00:00:00 |a rbrito | ||
| 260 | |a Madrid |b Biblioteca Nueva |c 2001 | ||
| 650 | 7 | |a FILOSOFIA POLITICA |2 CL-VaPUC |9 476314 | |
| 650 | 0 | |a Ética |9 255099 | |
| 650 | 0 | |a Valores sociales |9 309627 | |
| 650 | 0 | |a Democracia |9 255256 | |
| 650 | 0 | |a Socialismo |9 255260 | |
| 583 | |a last modification |c 20121001 12:56:56 |k Rodrigo Vera | ||
| 999 | |c 303874 |d 303872 | ||
| 952 | |0 0 |1 0 |4 0 |6 320_010000000000000_GAR_2001 |7 0 |8 DER_TF |9 365452 |a BIBDER |b BIBDER |d 2019-11-21 |i 3846547 |o 320.01 GAR 2001 |p 3846547 |r 2023-01-25 |w 2019-11-21 |x Ubicación 4to Piso |y BK |z Estos recursos deben solicitarse con anticipación |k DER | ||